| 000 | 00774nam a2200241Ia 4500 | ||
|---|---|---|---|
| 003 | GCL | ||
| 005 | 20240530105017.0 | ||
| 008 | 140319s9999 xx 000 0 ara d | ||
| 040 |
_aGCL / _cGCL |
||
| 082 | 0 | 4 |
_aق _b962.042 _bا ح |
| 100 | 1 | _aاحمد زكريا الشلق | |
| 245 | 1 | 0 |
_aحزب الامة ودورة فى السياسة المصرية / _cاحمد زكريا الشلق |
| 260 |
_a[S.N] : _bدار المعارف ، _c1979 |
||
| 300 | _a359 ص | ||
| 650 | 0 | 4 | _aالعصر الحديث |
| 650 | 0 | 4 | _aمصر |
| 650 | 0 | 4 | _aتاريخ |
| 650 | 0 | 4 | _aالقومية المصرية |
| 650 | 0 | 4 | _aعباس حلمى الثانى 1914-1892 |
| 650 | 0 | 4 | _aالحياة السياسية |
| 650 | 0 | 4 | _aالاحتلال البريطانى |
| 942 |
_2ddc _cBK |
||
| 999 |
_c52491 _d52491 |
||